000 00578cam a22001814a 4500
005 20250605164345.0
008 250528s ||||||||||||||||||||||||d
035 _a23852
040 _aGR-AtMCL
_bgre
_dGR-AtMCL
_eAACR2
245 1 _aChildren and the Environment
260 _aNew York, NY,
_c1990
300 _a76
520 _aThe Environment and Children and Future Generations, Environmental Quality and Cildren of Today and Tomorrow, Achievements and Challenges, References.
710 2 _aUnicef
_99822
942 _cCR
999 _c8777
_d8777